[Event "FRA-chT3 Gr01 0607"]
[Site "France"]
[Date "2006.11.26"]
[Round "3.8"]
[White "Buscara, Lena"]
[Black "Jean, Marine"]
[Result "1-0"]
[WhiteElo "1580"]
[BlackElo "1199"]
[PlyCount "27"]
[EventDate "2006.10.15"]
[EventType "team"]
[EventRounds "9"]
[EventCountry "FRA"]
[SourceTitle "EXT 2008"]
[Source "ChessBase"]
[SourceDate "2007.11.25"]
[SourceVersion "1"]
[SourceVersionDate "2007.11.25"]
[SourceQuality "1"]

1. e4 d5 2. exd5 Nf6 3. Bb5+ c6 4. dxc6 Na6 5. cxb7+ Nd7 6. bxa8Q Bb7 7. Qxb7 f5 8. Bxa6 e5 9. Qd5 Qh4 10. Nf3 Bb4 11. Nxh4 h6 12. Qh5+ Kd8 13. Qxf5 Rg8 14. Qfxd7# 1-0